Normal view
MARC view
- Bird, brevet-major w.d
Entry Personal Name
001 - CONTROL NUMBER
- control field: 50564
003 - CONTROL NUMBER IDENTIFIER
- control field: NUST
005 - DATE AND TIME OF LATEST TRANSACTION
- control field: 20210314134700.0
008 - FIXED-LENGTH DATA ELEMENTS
- fixed length control field: 210314|| aca||aabn | a|a d
040 ## - CATALOGING SOURCE
- Original cataloging agency: NUST
- Transcribing agency: NUST
100 ## - HEADING--PERSONAL NAME
- Personal name: Bird, brevet-major w.d
670 ## - SOURCE DATA FOUND
- Source citation: Work cat.: (NUST): Bird, brevet-major w.d, Lectures on the strategy of the russo-japanese war , 1999.
